000 00393nam a2200133 a 4500
001 000038058
005 20201002031151.0
008 130312s2012 dr abc r 000 0 spa d
040 _aDO-SdBNP
_bspa
_cBNPHU
082 _axxxx
_bE79g
245 0 0 _aEstatutos generales.
260 _aSanto Domingo :
_bPartido Democratico Dominicano (PBID),
_c2012.
300 _a67 p. :
_bil., mapas, retrs. ;
_c22 cm.
999 _c37548
_d37548